Pikselöityjä valtioiden muotoja #2 - Statistics

Yleistilastot
  • Tätä visaa on pelattu 564 kertaa
  • Keskiarvotulos 11 / 15
Vastaustilastot
Valtio % Oikein
Intia
93%
Ranska
93%
Norja
92%
Meksiko
84%
Kiina
83%
Brasilia
82%
Uusi-Seelanti
79%
Etelä-Afrikka
78%
Kreikka
78%
Thaimaa
70%
Marokko
64%
Filippiinit
63%
Trinidad ja Tobago
36%
Bahama
33%
Oman
29%
Ehtoja vastaavia visoja ei löytynyt
Tulosjakauma
Jokaisen tuloksen saaneiden osuus
Persentiili vastausten määrän mukaan
Tuloshistoriasi
Et ole pelannut tätä visaa